000 00866nam a2200253 i 4500
001 C2-0342333
003 PPAK
005 20180728143732.0
008 170720s2016 my a|||| ||||| | eng d
020 _a9789674602048
040 _aPPAK
_beng
_cPPAK
_erda
082 0 4 _a371.33
_223
090 0 0 _a371.33
_bINS
_dG
245 0 0 _aInstructional technology :
_bissues and challenges
264 1 _aKuala Lumpur :
_bInstitut Terjemahan & Buku Malaysia Berhad ,
_c2016
300 _axix, 236 pages :
_billustrations ;
_c23 cm
336 _2rdacontent
_atext
337 _2rdamedia
_aunmediated
338 _2rdacarrier
_avolume
500 _aIncludes bibliographical references and index.
650 1 0 _aEducational technology. ; Instructional systems. ; Educational innovations.
700 1 _aKamal B. Madarsha, Prof. Madya, Dr., 1945-,
_eeditor
942 _ddc
_cB
999 _c139247
_d139247